Sekela Dušan

Bibliographic Details
Main Author: Vadászová, Timea (Author)
Format: Article
Language:Slovak
PhysicalDescription:Obr.
ISSN:1335-0307
Subjects:

MARC

LEADER 00000nab a2200000 a 4500
001 vtls000750267
003 SK-MaSNL
005 20260302192614.0
008 140429c2001 xo 0 slo
015 |a SNBRB2001/03-08523 
035 |a CLN000102068 
040 |a SNKBUCL  |b slo  |c SNKBUCL  |e AACR2 
041 0 |a slo 
044 |a xo  |c SK 
080 |a 76.071.1  |2 1997 
080 |a 929 Sekela, Dušan  |2 1997 
100 1 |a Vadászová, Timea  |4 aut  |9 843010 
245 1 0 |a Sekela Dušan  |c Timea Vadászová 
300 |b Obr. 
600 1 7 |a Sekela, Dušan,  |d 1955-  |2 snkbucl  |9 14108 
655 7 |a články z novín a časopisov  |2 snkbucl  |9 267496 
773 0 |t Parlamentný kuriér  |g Roč. 9, č. 81 (2001), s. 42-43  |x 1335-0307 
850 |a Slovenská národná knižnica v Martine 
852 |a SNK  |b KIS3GCP 
958 |a SK 
958 |a BX 
992 |a RBX 
999 |c 1441374  |d 1443304